| 000 | 00740nam a2200229Ia 4500 | ||
|---|---|---|---|
| 003 | GCL | ||
| 008 | 140319s9999 xx 000 0 ara d | ||
| 040 |
_aGCL / _cGCL |
||
| 082 | 0 | 4 |
_a341.33 _bع ق |
| 100 | 1 | _aعلى صادق ابوهيف | |
| 245 | 1 | 0 |
_aالقانون الدبلوماسى / _cعلى صادق ابوهيف |
| 260 |
_a[S.N] : _bمكتبه النهضه المصريه ، _c1975 |
||
| 300 | _a490 ص | ||
| 490 |
_aالكتب القانونية _v0 |
||
| 650 | 0 | 4 | _aالقانون |
| 650 | 0 | 4 | _aمصر |
| 650 | 0 | 4 | _aالقانون الدولى |
| 650 | 0 | 4 | _aالقانون الدستورى |
| 650 | 0 | 4 | _aالقانون القنصلى |
| 650 | 0 | 4 | _aالسلك الدبلوماسى والقنصلى |
| 942 |
_2ddc _cBK |
||
| 999 |
_c55935 _d55935 |
||